00290pab a2200121 454500008004000000100002100040245004300061260000900104300000800113362000900121650001800130773002000148180718b1984 xxu||||| |||| 00| 0 eng d aMehrajuddin, Mir aDowry deathsbMe sures for eradication c1984 a3-7 aDec. aDowry - India aC.B.I. Bulletin